| 000 | 00341nam a2200145Ia 4500 | ||
|---|---|---|---|
| 005 | 20251222152656.0 | ||
| 008 | 251222s9999||||xx |||||||||||||| ||spa|| | ||
| 020 | _a8432230286 | ||
| 082 | _a086.61/G44 | ||
| 100 | _aGide, André | ||
| 245 | 0 | _aLos Monederos Falsos | |
| 250 | _a1ra.ed. | ||
| 264 | _bBiblioteca del Bolsillo | ||
| 942 | _cLIB | ||
| 999 |
_c28653 _d28653 |
||